|
|
|
|
| LEADER |
01219ppm a22003378a 4500 |
| 001 |
00031329 |
| 005 |
20171026081025.0 |
| 008 |
131128s2010 ||||||viesd |
| 041 |
0 |
# |
|a vie
|
| 082 |
1 |
4 |
|b Đ113S
|a 895.922 300 9
|
| 100 |
1 |
# |
|a Lê, Huỳnh Lan
|
| 245 |
0 |
0 |
|a Đặc sắc truyện ngắn Lý Lan
|b Luận văn thạc sĩ ngữ văn. Chuyên ngành: Văn học Việt Nam. Mã số: 60.22.34
|c Lê Huỳnh Lan; Biện Minh Điền (hướng dẫn)
|
| 260 |
# |
# |
|a Vinh
|b Đại học Vinh
|c 2010
|
| 300 |
# |
# |
|a 126 tr.
|c 30cm.
|e bản tóm tắt
|
| 500 |
# |
# |
|a ĐTTTS ghi: Bộ giáo dục và đào tạo. Trường Đại học Vinh
|
| 600 |
1 |
4 |
|a Lý, Lan
|
| 653 |
# |
# |
|a Luận văn
|
| 653 |
# |
# |
|a Đặc sắc
|
| 653 |
# |
# |
|a Văn học việt Nam
|
| 653 |
# |
# |
|a Truyện ngắn
|
| 653 |
# |
# |
|a Nghiên cứu văn học
|
| 653 |
# |
# |
|a Ngữ văn
|
| 700 |
1 |
# |
|a Biện, Minh Điền
|e Hướng dẫn
|
| 852 |
# |
# |
|b Kho đọc SĐH
|j LV.0000356
|
| 852 |
# |
# |
|j LV.0000356
|
| 910 |
|
|
|d 28/11/2013
|
| 980 |
# |
# |
|a Trung tâm Học liệu Lê Vũ Hùng, Trường Đại học Đồng Tháp
|